[Event "45. Sparkassen Chess-Meeting"]
[Site "Dortmund"]
[Date "2017.07.23"]
[Round "7"]
[White "Fedoseev, Vladimir"]
[Black "Wang, Yue"]
[Result "1-0"]
[WhiteElo "2726"]
[BlackElo "2699"]
[Annotator "TA"]
[PlyCount "77"]
[EventDate "2017.??.??"]
[EventType "tourn"]
[EventCountry "GER"]
[SourceTitle "playchess.com"]
[Source "ChessBase"]
[SourceQuality "1"]

{[%evp 11,77,12,45,39,39,46,44,42,46,40,68,70,75,66,79,81,82,65,58,69,65,66,65,62,51,54,72,72,143,143,140,128,185,185,178,181,175,192,204,205,241,230,290,287,267,236,240,231,291,294,295,288,306,299,296,289,281,277,305,320,361,359,341,352,345,339,334,326]} 1. e4 e5 2. Bc4 Nf6 3. d3 Nc6 4. Nf3 Bc5 5. O-O d6 6. c3 Be6 7. Bxe6 {C54: Giuoco Piano: 4 c3 Nf6, main lines with 5 d4 and 5 d3} (7. Bb5 a6 8. Bxc6+ bxc6 9. d4 Bb6 10. Nbd2 exd4 11. cxd4 O-O 12. b3 Re8 13. h3 d5 14. e5 Nd7 {1-0 (49) Bojkov,D (2488)-Muranyi,K (2335) Germany 2015}) 7... fxe6 8. b4 {[%cal Bb2b4,Bb4b5][%mdl 32]} Bb6 9. Nbd2 {White is slightly better.} a6 10. a4 Qd7 $146 ({Predecessor:} 10... O-O 11. Nc4 Ba7 12. Qb3 Qe8 13. Be3 Nh5 14. b5 Nd8 15. b6 Bb8 16. d4 Qg6 17. Qd1 exd4 18. Nxd4 Nf4 19. Bxf4 Rxf4 {½-½ (35) Agnew,A (2062)-Myall,I (2046) England 2014}) 11. Ba3 Ba7 12. b5 Na5 13. Bb4 Bb6 14. Rb1 O-O 15. d4 exd4 16. cxd4 axb5 17. axb5 Rfd8 18. Qe2 d5 19. e5 Ne4 (19... Ng4 $142) 20. Nxe4 $16 dxe4 21. Qxe4 {And now Ng5 would win.} Qd5 {[#]} (21... h6 $16 {keeps fighting.}) 22. Qc2 $1 $18 Qc4 23. Rfc1 Qxc2 24. Rxc2 Rd5 {[#]} 25. Be1 $1 Rf8 26. Rb4 Rf5 27. h4 h6 28. Bd2 Rf8 29. Ra2 Kf7 30. Bc3 Ra8 31. Nd2 Ke7 32. Nf1 Ra7 {intending ...Nc6.} 33. Ne3 Rd8 {Black hopes to continue with ...Nc6.} 34. Rc2 Rc8 35. h5 Raa8 36. Ra2 Ra7 37. Ra1 Rca8 {If Black can now play ...Nc6 this consolidates a bit.} 38. Rab1 Rg8 39. Kf1 {Precision: White = 94%, Black = 36%.} 1-0

[Event "45. Sparkassen Chess-Meeting"]
[Site "Dortmund"]
[Date "2017.07.23"]
[Round "7"]
[White "Andreikin, Dmitry"]
[Black "Vachier-Lagrave, Maxime"]
[Result "0-1"]
[WhiteElo "2712"]
[BlackElo "2791"]
[Annotator "TA"]
[PlyCount "104"]
[EventDate "2017.??.??"]
[EventType "tourn"]
[EventCountry "GER"]
[SourceTitle "playchess.com"]
[Source "ChessBase"]
[SourceQuality "1"]

{[%evp 11,104,-14,0,-22,18,5,7,20,22,9,54,40,50,55,54,40,46,7,10,34,39,0,0,0,0,0,0,0,0,0,0,0,0,-11,-14,-37,-50,-49,-43,-46,-49,-50,-46,-67,-14,-86,-58,-52,-108,-83,-66,-294,-289,-304,-302,-305,-302,-307,-299,-295,-292,-387,-385,-384,-427,-425,-411,-786,-778,-743,-731,-738,-609,-894,-797,-849,-801,-975,-625,-610,-600,-1100,-1076,-1062,-1050,-991,-968,-916,-890,-5041,-1892,-1664,-5844,-5624,-5608]} 1. e4 c5 2. b3 g6 3. Bb2 Nf6 4. e5 Nd5 5. Nc3 (5. h4 Bg7 6. h5 Nc6 7. Nf3 d6 8. Bb5 Bg4 9. hxg6 hxg6 10. Rxh8+ Bxh8 11. Qe2 dxe5 12. Bxe5 Bxe5 13. Qxe5 {1-0 (35) Navara,D (2734)-Wojtaszek,R (2727) Huaian 2016}) 5... Nxc3 6. Bxc3 {B20: Sicilian: Unusual White 2nd moves} Bg7 {LiveBook: 6 Games} 7. h4 d5 $146 ({Predecessor:} 7... O-O 8. h5 d5 9. f4 Nc6 10. Nf3 {0-1 (77) Gelashvili,T (2563)-Yilmaz,M (2630) Minsk 2017}) 8. exd6 {The position is equal.} O-O 9. dxe7 Re8 10. Qf3 Qxe7+ 11. Ne2 Nc6 12. Bxg7 Kxg7 13. O-O-O Qe5 {[%cal Re5a1] [#]} 14. Qc3 Nd4 $1 {[%cal Rd4e2]} 15. Nxd4 cxd4 16. Qf3 d3 $1 {[%cal Re5a1]} 17. c3 h5 $1 $36 {[%mdl 2048] White must now prevent ...Bg4. White is under pressure.} 18. Bxd3 {aiming for Qe3.} Bg4 19. Qxb7 {f3 is the strong threat.} Rab8 20. Qa6 {Threatens to win with f3.} Bxd1 21. Rxd1 Qf4 22. Qxa7 (22. Qa4 $5 {[%cal Ra4f4]} Qxf2 23. Rf1 $11) 22... Ra8 23. Qc5 Rxa2 {Strongly threatening ...Re1!} 24. Bb1 Raa8 {[%mdl 1024] Black has compensation.} 25. g3 Qf3 26. Qd4+ Kg8 27. Qf4 Qb7 ({Black should play} 27... Qe2 $15) 28. b4 (28. Kb2 $11 {remains equal.}) 28... Qa6 29. Qf3 Qa3+ 30. Kc2 Rac8 31. g4 $2 ({White should try} 31. Qd5 $15) 31... Rc4 32. Qd5 {[#]} Rxb4 $1 {[%mdl 512]} 33. Qa2 (33. cxb4 Rc8+) 33... Qxa2+ 34. Bxa2 Rxg4 $19 {[%mdl 4096] Endgame KRR-KRB} 35. Bd5 Rxh4 36. c4 Rf4 37. d4 Rxf2+ 38. Kc3 h4 39. c5 (39. Bc6 $142 Rc8 40. d5) 39... Re3+ {Black is clearly winning.} 40. Kc4 Rc2+ 41. Kb5 h3 42. c6 h2 43. Kb6 Rg3 44. Be4 Rc4 45. Rd2 Rh3 46. Bh1 Rc1 47. Bg2 h1=Q 48. Bxh1 Rhxh1 49. d5 Rc3 50. Rb2 Rd1 51. Rb5 Kf8 52. Kc7 Ke7 {Precision: White = 39%, Black = 81%.} 0-1